| Поле | Инд. | ПП | Название | Значение |
|---|---|---|---|---|
| Тип записи | a | |||
| Библиографический уровень | m | |||
| 001 | Контрольный номер | RU/IS/BASE/364992801 | ||
| 005 | Дата корректировки | 20140227163624.5 | ||
| 040 | a | Служба первич. каталог. | НБ ТвГУ | |
| b | Код языка каталог. | rus | ||
| e | Правила каталог. | PSBO | ||
| 041 | 0_ | a | Код языка текста | rus |
| 080 | a | Индекс УДК | 519.72 | |
| 080 | a | Индекс УДК | 519.2 | |
| 084 | a | Индекс другой классификации/Индекс ББК | В182 | |
| 084 | a | Индекс другой классификации/Индекс ББК | В171 | |
| 090 | a | Полочн. индекс | 517.81 | |
| x | Авторский знак | Я 29 | ||
| 100 | 1_ | a | Автор | Яглом Акива Моисеевич |
| q | Полное имя | Яглом А. М. | ||
| 245 | 00 | a | Заглавие | Вероятность и информация |
| 250 | b | Дополнительные сведения об издании | 3-е изд., перераб. и доп. | |
| 260 | a | Место издания | Москва | |
| b | Издательство | Наука | ||
| c | Дата издания | 1973 | ||
| 300 | a | Объем | 511, [1] с. | |
| b | Иллюстрации/ тип воспроизводства | ил. | ||
| 504 | a | Библиография | Библиогр.: с. 487-500 | |
| 504 | a | Библиография | Имен., алф. указ.: с. 501-511 | |
| 653 | a | Ключевые слова | Вероятность | |
| a | Ключевые слова | Информация | ||
| a | Ключевые слова | Математика | ||
| a | Ключевые слова | Математическая кибернетика | ||
| a | Ключевые слова | Теория вероятностей | ||
| a | Ключевые слова | Теория информации | ||
| a | Ключевые слова | Энтропия | ||
| 700 | 1_ | a | Другие авторы | Яглом Исаак Моисеевич |
| q | Полное имя | Яглом, И. М. | ||
| 901 | t | Тип документа | m | |
| 920 | a | Оператор | Шалы | |
| 954 | a | Дата поступления на обработку | 20110726 |